Que d'os, que d'os ! - Statistiques

Statistiques générales
  • Ce quiz a été pris 35 fois
  • Le résultat moyen est 11 sur 14
Statistiques - réponses
Hint Réponse % Correct
Os pair et asymétrique du membre supérieur. Il constitue le squelette du bras (entre l'épaule et le coude). Humerus
100%
Os longs constituant les extrémités des membres chez les vertébrés, qui forment le squelette des doigts ou des orteils Phalange
93%
Os sesamoïde situé à l'avant du genou. Elle joue un rôle fondamental dans la mécanique du membre inférieur, en particulier pour l'extension de la jambe. Rotule
87%
Os plat situé au centre de la poitrine, jouant un rôle clé dans la protection des organes vitaux et dans la structure du thorax. Sternum
87%
Os plats recourbés qui contribuent avec le sternum et les vertèbres thoraciques, à la constitution de la cage thoracique qui protège le cœur et les poumons. Côte
83%
Un des trois osselets de l'ouïe situé dans l’oreille moyenne. Il se place entre le marteau en dehors et l'étrier en dedans. Enclume
83%
Os plat et triangulaire situé à l’arrière du thorax. Joue un rôle clé dans la mobilité de l’épaule et l’attache des muscles du bras et du dos. Omoplate
83%
Un des deux os de la jambe, le plus fin des 2, il joue un rôle clé dans la stabilité de la jambe et de la cheville. Péroné
83%
Un des deux os de l'avant-bras, avec l'ulna. Il est situé du côté du pouce et joue un rôle essentiel dans les mouvements du poignet et de l'avant-bras. Radius
83%
Os qui composent la structure essentielle du squelette humain. Elles assurent la protection de la moelle épinière, soutiennent le corps et permettent les mouvements du tronc et du cou. Vertèbre
83%
Os long en forme de S allongé, situé horizontalement entre le sternum (au centre de la poitrine) et l'omoplate (scapula). Elle joue un rôle fondamental dans la stabilisation de l'épaule et la mobilité du bras. Clavicule
77%
Os plat situé à l’avant du crâne. Il joue un rôle essentiel dans la protection du cerveau et la structure du visage. Os___ Frontal
73%
Os unique et mobile du crâne, essentiel pour la mastication, la parole et l’expression faciale. Mandibule
70%
Structure osseuse essentielle du squelette humain. Il assure la stabilité du tronc, soutient les organes abdominaux et joue un rôle clé dans la locomotion Bassin
60%
Aucun quiz correspondant
Distribution des résultats
% des personnes avec chaque résultat
Percentile par nombre de réponses
Votre historique - résultats
Vous n’avez pas pris ce quiz